عرض عادي
عرض مارك
- Realism in literature.
مدخل مصطلح موضوعي
001 - رقم الضبط
- حقل الضبط: 8691
003 - معرف رقم الضبط
- حقل الضبط: OSt
005 - تاريخ ووقت أخر عملية
- حقل الضبط: 20111217082939.0
008 - عناصر بيانات ثابتة الطول
- حقل تحكم ثابت الطول: 111217|||a|||||| | ||| d
040 ## - مصدر الفهرسة
- هيئة الفهرسة الأصلية: OSt
- وكالة الكتابة: OSt
150 ## - مدخل-- مصطلح تاريخي
- عنصر مدخل المصطلح الموضوعي او الاسم الجغرافي: Realism in literature.
670 ## - بيانات المصدر موجوده
- الاستشهاد بالمصدر: Work cat.: (OSt)0: Olson, Liesl. 8690, Modernism and the ordinary /, 2009.
